00535nam a2200145Ia 4500008004100000040001700041041001200058082001500070245008400085260004100169300002000210942000700230952013300237999001900370230917s9999||||xx |||||||||||||| ||und|| e142055aMAIN aEnglish a342.7 H88H 0aHuman rights and humanitarian law: Developments in Indian and International law aDelhibOxford University Pressc2008 axxxviii, 479 p. cBK 0010406342_700000000000000_H88H709237969aMAINbMAINd2010-03-03l0o342.7 H88Hp261102r2023-09-17 21:33:16w2023-09-17yBK c146483d146483